000 00694nam a2200205Ii 4500
003 JO-AjNU
008 230605s9999||||xx |||||||||||||| ||und||
040 _aJO-AjNU
_bara
_erda
_cJO-AjNU
041 _aara
050 1 4 _aPQ2605.A3734.Z555 1981
100 3 _aبري، جرمين ؛ ترجمة جبرا، إبراهيم جبرا,
_eauthor
_910758
245 0 0 _aالبيركامو
250 _aط2
264 3 1 _aبيروت: المؤسسة العربية للدراسات والنشر، 1981
300 _a303ص
336 _atext
_btxt
_2rdacontent
337 _aunmediated
_bn
_2rdamedia
338 _avolume
_bnc
_2rdacarrier
650 4 _aالأدب العربي - ترجمة - قصص
_910759
999 _aA1971
_c5539
_d5539